|
|
|
|
| LEADER |
00000naa2a2200000 4500 |
| 001 |
175938 |
| 005 |
20231226131605.0 |
| 035 |
|
|
|a (RuTPU)RU\TPU\book\190737
|
| 035 |
|
|
|a RU\TPU\tpu\782
|
| 090 |
|
|
|a 175938
|
| 100 |
|
|
|a 20100218d1967 k y0rusy50 ca
|
| 101 |
0 |
|
|a rus
|
| 102 |
|
|
|a RU
|
| 200 |
1 |
|
|a Образование центров окраски в кристаллах СаF2
|f Е. К. Завадовская, В. М. Лисицын, Л. А. Лисицына
|
| 463 |
|
0 |
|0 (RuTPU)RU\TPU\book\179074
|t Тезисы докладов межвузовской конференции по вопросам радиационной физики, Томск, 5-10 июня 1967 г.
|f Томский политехнический институт (ТПИ) ; под ред. А. А. Воробьева
|v С. 64
|d 1967
|p 143 с.
|
| 610 |
1 |
|
|a физика
|
| 610 |
1 |
|
|a труды учёных ТПУ
|
| 700 |
|
1 |
|a Завадовская
|b Е. К.
|c российский физик
|c профессор кафедры физики твердого тела Томского политехнического института
|f 1913-2004
|g Екатерина Константиновна
|3 (RuTPU)RU\TPU\pers\19787
|
| 701 |
|
1 |
|a Лисицын
|b В. М.
|c физик
|c профессор Томского политехнического университета, кандидат физико-математических наук
|f 1939-
|g Виктор Михайлович
|3 (RuTPU)RU\TPU\pers\10510
|9 2237
|
| 701 |
|
1 |
|a Лисицына
|b Л. А.
|
| 801 |
|
0 |
|a RU
|b 63413507
|c 20011210
|g PSBO
|
| 801 |
|
2 |
|a RU
|b 63413507
|c 20100219
|g PSBO
|
| 942 |
|
|
|c BK
|